000 00907nam a2200229Ii 4500
003 JO-AjNU
008 230605s9999||||xx |||||||||||||| ||und||
017 _a2010/4/948
020 _a978-9957-09-425-6
040 _aJO-AjNU
_bara
_erda
_cJO-AjNU
041 _aara
050 1 4 _aPJ7824.Z98 2010
100 3 _aتحرير ودراسة وتقديم الزغول، سلطان,
_eauthor
_959551
245 0 0 _aفضاء التشكيل وشعرية الرؤى: دراسات في قصة إلياس فركوح القصيرة
250 _aالطبعة الاولى
264 3 1 _aعمان: دار ازمنة، 2010
300 _a382ص
_b ويحتوي على قائمة مراجع من ص379-ص382
336 _atext
_btxt
_2rdacontent
337 _aunmediated
_bn
_2rdamedia
338 _avolume
_bnc
_2rdacarrier
650 4 _aالقصص العربية- الادب العربي- النقد العربي
_959552
999 _aA26804
_c30372
_d30372